[Event "DEM U12/U12w 2003"]
[Site "Willingen GER"]
[Date "2003.06.12"]
[Round "8"]
[White "Zehnter, Sebastian"]
[Black "Geske, Julian"]
[Result "1/2-1/2"]
[Termination "normal"]
[Board "2"]
[WhiteElo "1750"]
[BlackElo "1733"]
[PlyCount "85"]
[WhiteFideId "24608670"]
[BlackFideId "24605263"]
[EventCountry "GER"]
[EventRounds "11"]
[EventType "swiss"]
[EventDate "2003.06.07"]

1. d4 Nf6 2. Nf3 g6 3. g3 Bg7 4. Bg2 d6 5. O-O O-O 6. c4 Nc6 7. Nc3 e5 8. dxe5
dxe5 9. e4 Bg4 10. h3 Qxd1 11. Rxd1 Bxf3 12. Bxf3 Nd4 13. Bg2 Rad8 14. Bg5 c6
15. Kf1 Rd7 16. Rac1 h6 17. Be3 Rfd8 18. Ke1 Ne8 19. Rd2 Nc7 20. Rcd1 Nce6 21.
Kf1 Kh7 22. h4 h5 23. Bh3 Bh6 24. Ne2 Rd6 25. Bxe6 fxe6 26. Nxd4 Bxe3 27. fxe3
exd4 28. Rxd4 Rxd4 29. Rxd4 Rf8+ 30. Ke2 Kg7 31. Rd7+ Rf7 32. Rxf7+ Kxf7 33. e5
g5 34. Kf3 gxh4 35. gxh4 c5 36. Kf4 Kg6 37. e4 b6 38. a3 a6 39. Kf3 Kg7 40. Ke2
Kf8 41. Kf3 Kg7 42. Kg3 Kf7 43. Kf3 1/2-1/2

[Event "DEM U12/U12w 2003"]
[Site "Willingen GER"]
[Date "2003.06.12"]
[Round "8"]
[White "Wendling, Hannes"]
[Black "Fischer, Thomas"]
[Result "1/2-1/2"]
[Termination "normal"]
[Board "3"]
[WhiteElo "1652"]
[BlackElo "1671"]
[PlyCount "36"]
[WhiteFideId "24624284"]
[BlackFideId "4683277"]
[EventCountry "GER"]
[EventRounds "11"]
[EventType "swiss"]
[EventDate "2003.06.07"]

1. e4 e5 2. Nc3 Nc6 3. g3 Nf6 4. Bg2 Be7 5. Nge2 O-O 6. O-O d6 7. h3 Re8 8. d3
Bf8 9. f4 Bd7 10. Be3 exf4 11. Nxf4 g6 12. Qd2 Bg7 13. Rf2 Ne5 14. Raf1 c6 15.
Nfe2 Be6 16. Bg5 Qb6 17. b3 Ned7 18. Be3 Qc7 1/2-1/2

[Event "DEM U12/U12w 2003"]
[Site "Willingen GER"]
[Date "2003.06.12"]
[Round "8"]
[White "Moshtael, Wesal"]
[Black "Seyb, Alexander"]
[Result "0-1"]
[Termination "normal"]
[Board "4"]
[WhiteElo "1578"]
[BlackElo "1807"]
[PlyCount "140"]
[WhiteFideId "24618551"]
[BlackFideId "4699033"]
[EventCountry "GER"]
[EventRounds "11"]
[EventType "swiss"]
[EventDate "2003.06.07"]

1. Nf3 g6 2. c4 Bg7 3. g3 e5 4. d3 d6 5. Nc3 Nc6 6. Bg2 Nf6 7. O-O O-O 8. Bd2
Re8 9. Ne1 Bf5 10. e4 Bg4 11. f3 Be6 12. Nc2 Nd7 13. b4 Kh8 14. Rb1 Ne7 15. Qe2
c6 16. b5 Ng8 17. a4 Bh6 18. Nb4 Bxd2 19. Qxd2 Ne7 20. f4 f6 21. Rf2 c5 22.
Nbd5 Bxd5 23. Nxd5 Nxd5 24. cxd5 Qe7 25. Bh3 Kg7 26. Rbf1 Rf8 27. Be6 a6 28.
Qe2 exf4 29. Rxf4 Ne5 30. g4 axb5 31. axb5 b6 32. h3 g5 33. Rf5 Ra3 34. Rd1 Rb3
35. Kf1 Ra8 36. Rxe5 dxe5 37. Qc2 Rba3 38. Rb1 R8a5 39. Rb3 Qe8 40. Rxa3 Rxa3
41. Qb2 Ra5 42. Qb3 Rxb5 43. Qa2 Ra5 44. Qb2 Qb5 45. Qxb5 Rxb5 46. d6 Ra5 47.
Bd5 Ra7 48. Be6 Kf8 49. Ke2 b5 50. Kd2 Ra6 51. d7 Ke7 52. Bf5 h6 53. Kc3 Ra3+
54. Kc2 Ra2+ 55. Kb3 Rh2 56. Kc3 Rxh3 57. Kc2 h5 58. gxh5 Rxh5 59. Kc3 Rh4 60.
Kd2 Rf4 61. Ke3 g4 62. Ke2 g3 63. Bh3 Rh4 64. Bf5 g2 65. Kf2 Rf4+ 66. Kxg2 Rxf5
67. d8=Q+ Kxd8 68. exf5 b4 69. Kf2 b3 70. Ke2 b2 0-1

[Event "DEM U12/U12w 2003"]
[Site "Willingen GER"]
[Date "2003.06.12"]
[Round "8"]
[White "Jussupow, Ekaterina"]
[Black "Kim, Oi-sin"]
[Result "1-0"]
[Termination "normal"]
[Board "6"]
[WhiteElo "1709"]
[BlackElo "1588"]
[PlyCount "39"]
[WhiteFideId "24625400"]
[BlackFideId "24605778"]
[EventCountry "GER"]
[EventRounds "11"]
[EventType "swiss"]
[EventDate "2003.06.07"]

1. d4 Nf6 2. Nf3 e6 3. e3 c5 4. Bd3 d5 5. b3 cxd4 6. exd4 Nc6 7. Bb2 Bd6 8. O-O
Qc7 9. Nbd2 O-O 10. c4 b6 11. Rc1 Bb7 12. cxd5 Nxd5 13. Ne5 Rac8 14. Ne4 Bxe5
15. dxe5 Nf4 16. Bb1 Ba6 17. Re1 Ng6 18. Qh5 Qe7 19. Nf6+ gxf6 20. exf6 1-0

[Event "DEM U12/U12w 2003"]
[Site "Willingen GER"]
[Date "2003.06.12"]
[Round "8"]
[White "Scharnowski, Tobias"]
[Black "Mazarov, Jürgen"]
[Result "1-0"]
[Termination "normal"]
[Board "7"]
[WhiteElo "1658"]
[BlackElo "1684"]
[PlyCount "63"]
[WhiteFideId "24620424"]
[BlackFideId "24617768"]
[EventCountry "GER"]
[EventRounds "11"]
[EventType "swiss"]
[EventDate "2003.06.07"]

1. e4 e5 2. Bc4 Nf6 3. d3 c6 4. Nf3 d5 5. Bb3 a5 6. a3 Nbd7 7. Nc3 d4 8. Ne2
Bd6 9. Ng3 O-O 10. O-O b5 11. Bg5 Qc7 12. Nf5 c5 13. Nxd6 Qxd6 14. a4 Ba6 15.
axb5 Bxb5 16. Nd2 Nb6 17. f4 Nfd7 18. Qg4 a4 19. Ba2 a3 20. bxa3 Na4 21. Bc4
Nc3 22. Bxb5 Nxb5 23. Nc4 Qc7 24. Bh6 g6 25. Bxf8 Rxf8 26. a4 Nc3 27. Kh1 exf4
28. Qxf4 Qc6 29. Qd6 Qb7 30. a5 Qb5 31. a6 Na4 32. Rfb1 1-0

[Event "DEM U12/U12w 2003"]
[Site "Willingen GER"]
[Date "2003.06.12"]
[Round "8"]
[White "Gölz, Daniel"]
[Black "Sörös, Martin-Wolfgang"]
[Result "0-1"]
[Termination "normal"]
[Board "8"]
[WhiteElo "1682"]
[BlackElo "1619"]
[PlyCount "70"]
[WhiteFideId "24626325"]
[EventCountry "GER"]
[EventRounds "11"]
[EventType "swiss"]
[EventDate "2003.06.07"]

1. e4 Nf6 2. Nc3 d5 3. exd5 Nxd5 4. Nxd5 Qxd5 5. Nf3 Bg4 6. Be2 Nc6 7. d4 e6 8.
a3 O-O-O 9. Be3 Be7 10. O-O h5 11. Qd2 f6 12. b4 Qd7 13. Rfd1 g5 14. b5 Nb8 15.
Qa5 Bxf3 16. Bxf3 a6 17. bxa6 Nxa6 18. Bxb7+ Kxb7 19. Rab1+ Nb4 20. Rxb4+ Bxb4
21. Qxb4+ Kc8 22. Qc4 Qd5 23. Qa6+ Kd7 24. Qd3 Ke7 25. Bd2 Kf7 26. Bb4 e5 27.
dxe5 Qxd3 28. Rxd3 Rxd3 29. cxd3 fxe5 30. Kf1 Ke6 31. Ke2 Kd5 32. a4 c5 33. Bd2
g4 34. Kd1 Rf8 35. Be3 Ra8 0-1

[Event "DEM U12/U12w 2003"]
[Site "Willingen GER"]
[Date "2003.06.12"]
[Round "8"]
[White "Rath, Oliver"]
[Black "Jorczik, Julian"]
[Result "0-1"]
[Termination "normal"]
[Board "9"]
[WhiteElo "1513"]
[BlackElo "1682"]
[PlyCount "144"]
[WhiteFideId "24610380"]
[BlackFideId "24611719"]
[EventCountry "GER"]
[EventRounds "11"]
[EventType "swiss"]
[EventDate "2003.06.07"]

1. e4 c5 2. Nc3 e6 3. g3 Nc6 4. Bg2 Nf6 5. d3 d5 6. exd5 exd5 7. Bg5 Be6 8. Qe2
Nd4 9. Qd2 Be7 10. Nge2 Nxe2 11. Qxe2 O-O 12. O-O h6 13. Bf4 Qd7 14. Rfe1 Rfe8
15. Qd2 Rad8 16. Ne2 Nh7 17. d4 c4 18. c3 Bf5 19. b3 b5 20. Be3 Nf6 21. f3 Bd6
22. Bf4 Bxf4 23. Nxf4 g5 24. Ne2 Re6 25. Kh1 Rde8 26. Ng1 Qe7 27. Rxe6 Qxe6 28.
Rc1 Kg7 29. Qb2 h5 30. Qd2 Kg6 31. h4 Nh7 32. Bf1 g4 33. Ne2 Kg7 34. Nf4 Qe3
35. Nxh5+ Kh6 36. Qxe3+ Rxe3 37. fxg4 Bxg4 38. Nf4 Rxg3 39. Bg2 cxb3 40. axb3
Bf3 41. Kh2 Rg4 42. Bxf3 Rxf4 43. Bxd5 Kh5 44. Kg3 Rg4+ 45. Kf3 Rxh4 46. Bxf7+
Kg5 47. Be8 b4 48. cxb4 Rxd4 49. Rc5+ Kf6 50. b5 Ng5+ 51. Kg2 Rd2+ 52. Kf1 Ne4
53. Rc6+ Ke5 54. Bg6 Ng3+ 55. Ke1 Rb2 56. Rc3 Kf4 57. Bc2 Ra2 58. Bd1 Rg2 59.
Rf3+ Ke5 60. b4 Kd5 61. Bb3+ Ke4 62. Rc3 Nh5 63. Rc5 Nf4 64. Rc4+ Ke3 65. Rc3+
Nd3+ 66. Kf1 Rf2+ 67. Kg1 Rf4 68. Rc4 Rf5 69. Rc3 Rg5+ 70. Kh2 Rxb5 71. Bc4
Rh5+ 72. Kg3 Kd4 0-1

[Event "DEM U12/U12w 2003"]
[Site "Willingen GER"]
[Date "2003.06.12"]
[Round "8"]
[White "Fink, Leander"]
[Black "Weller, Manuel"]
[Result "0-1"]
[Termination "normal"]
[Board "10"]
[WhiteElo "1657"]
[BlackElo "1593"]
[PlyCount "134"]
[WhiteFideId "24605247"]
[BlackFideId "24635952"]
[EventCountry "GER"]
[EventRounds "11"]
[EventType "swiss"]
[EventDate "2003.06.07"]

1. e4 c5 2. Nf3 e6 3. b3 a6 4. Bb2 Nc6 5. c4 d6 6. Be2 Nf6 7. d3 Be7 8. O-O O-O
9. Nc3 Bd7 10. Ne1 Nd4 11. Nc2 e5 12. f4 Rb8 13. Ne3 b5 14. f5 bxc4 15. dxc4 a5
16. Bc1 Be6 17. Bd3 Qd7 18. g4 Qb7 19. Ned5 Nxd5 20. exd5 Bd7 21. f6 Bxf6 22.
Rxf6 gxf6 23. Bh6 Bc8 24. Bxf8 Kxf8 25. Bxh7 Kg7 26. Be4 Qd7 27. h3 Ba6 28. Ne2
Nxe2+ 29. Qxe2 a4 30. Bc2 axb3 31. axb3 Bb7 32. Qd3 Rh8 33. Kg2 Qe7 34. Ra5 Qc7
35. Ra1 Qd7 36. Ra4 Kf8 37. b4 cxb4 38. Rxb4 Ke7 39. Ba4 Qc7 40. Qb1 Ba6 41.
Bc6 Qa5 42. Qb2 Rg8 43. Ra4 Rb8 44. Qe2 Qb6 45. Ra2 Bc8 46. Bb5 Qd4 47. Qf2
Qxf2+ 48. Kxf2 f5 49. g5 f4 50. h4 Bg4 51. Ra7+ Kf8 52. Ra6 Rd8 53. Ba4 e4 54.
Ke1 e3 55. Bc2 f3 56. Ra1 Rb8 57. Kf1 Rb2 58. Bd1 f2 59. Kg2 Be2 60. h5 Bxh5
61. Bf3 f1=Q+ 62. Kxf1 Bxf3 63. Re1 e2+ 64. Kf2 Bh5 65. Rh1 Bg6 66. Re1 Bd3 67.
Rc1 Rd2 0-1

[Event "DEM U12/U12w 2003"]
[Site "Willingen GER"]
[Date "2003.06.12"]
[Round "8"]
[White "Geilfuss, Albert"]
[Black "Linsenmeyer, Mario"]
[Result "1-0"]
[Termination "normal"]
[Board "11"]
[WhiteElo "1640"]
[BlackElo "1500"]
[PlyCount "47"]
[BlackFideId "24635138"]
[EventCountry "GER"]
[EventRounds "11"]
[EventType "swiss"]
[EventDate "2003.06.07"]

1. e4 g6 2. d4 Bg7 3. Nc3 d6 4. Be3 Nc6 5. Qd2 e5 6. Bb5 a6 7. Bxc6+ bxc6 8.
Nge2 Be6 9. h4 h5 10. d5 cxd5 11. exd5 Bd7 12. O-O-O Bh6 13. Bg5 Qb8 14. Ne4
Bf5 15. N2g3 Qc8 16. Rde1 Bxe4 17. Nxe4 Qf5 18. Rh3 Bxg5 19. hxg5 Rb8 20. Kb1
Qd7 21. f4 Qb5 22. Rb3 Kd7 23. Rxb5 Rxb5 24. c4 1-0

[Event "DEM U12/U12w 2003"]
[Site "Willingen GER"]
[Date "2003.06.12"]
[Round "8"]
[White "Khramoy, Gennadiy"]
[Black "Huschenbeth, Niclas"]
[Result "0-1"]
[Termination "normal"]
[Board "12"]
[WhiteElo "1517"]
[BlackElo "1808"]
[PlyCount "124"]
[BlackFideId "24604747"]
[EventCountry "GER"]
[EventRounds "11"]
[EventType "swiss"]
[EventDate "2003.06.07"]

1. c4 Nf6 2. Nc3 d5 3. d4 g6 4. Nf3 Bg7 5. cxd5 Nxd5 6. e4 Nxc3 7. bxc3 c5 8.
Bc4 Qa5 9. Qd2 Nc6 10. Bb2 Bg4 11. d5 Rd8 12. Be2 O-O 13. O-O Bxf3 14. Bxf3 Nd4
15. Bd1 e6 16. Bb3 exd5 17. Bxd5 Rfe8 18. f3 Ne2+ 19. Qxe2 Rxd5 20. Qc2 Rh5 21.
c4 Qc7 22. g3 f5 23. exf5 Rxf5 24. Rab1 Rf7 25. Bxg7 Kxg7 26. Qc3+ Kg8 27. Rbe1
Ref8 28. Kg2 Qc6 29. Re3 a6 30. Re5 Qf6 31. Re3 Qxc3 32. Rxc3 Rd8 33. Rf2 Rfd7
34. Rcc2 Kf7 35. Rfe2 Re7 36. Rxe7+ Kxe7 37. Rb2 Rd7 38. a4 Kd8 39. f4 Kc7 40.
Kf3 Rd4 41. Rc2 Rd3+ 42. Ke4 Ra3 43. g4 Rxa4 44. f5 gxf5+ 45. gxf5 Ra1 46. Rf2
Kd6 47. f6 Re1+ 48. Kd3 Re8 49. Kc3 Ke6 50. Kd3 Kf7 51. h3 Re6 52. Rb2 b6 53.
Rf2 Rxf6 54. Rxf6+ Kxf6 55. Ke4 b5 56. Kd5 b4 57. Kxc5 b3 58. Kd5 b2 59. c5
b1=Q 60. c6 Qh1+ 61. Kc5 Qxh3 62. Kb6 Qc8 0-1

[Event "DEM U12/U12w 2003"]
[Site "Willingen GER"]
[Date "2003.06.12"]
[Round "8"]
[White "Fischer, Benjamin"]
[Black "Kaczmarczyk, Dennis"]
[Result "1/2-1/2"]
[Termination "normal"]
[Board "13"]
[WhiteElo "1591"]
[BlackElo "1715"]
[PlyCount "38"]
[BlackFideId "24608297"]
[EventCountry "GER"]
[EventRounds "11"]
[EventType "swiss"]
[EventDate "2003.06.07"]

1. d4 Nf6 2. c4 e6 3. Nf3 b6 4. Bf4 Bb7 5. e3 c5 6. Nc3 Be7 7. h3 O-O 8. Bd3 d6
9. O-O a6 10. Qe2 Nbd7 11. Rac1 Re8 12. Rfd1 Bf8 13. Bh2 Qc7 14. b3 Rac8 15. a3
Qb8 16. b4 Qa8 17. Ne1 d5 18. bxc5 bxc5 19. a4 h6 1/2-1/2

[Event "DEM U12/U12w 2003"]
[Site "Willingen GER"]
[Date "2003.06.12"]
[Round "8"]
[White "Zahn, Benno"]
[Black "Korman, Maxim"]
[Result "1/2-1/2"]
[Termination "normal"]
[Board "14"]
[WhiteElo "1529"]
[BlackElo "1711"]
[PlyCount "40"]
[WhiteFideId "24636070"]
[BlackFideId "24619787"]
[EventCountry "GER"]
[EventRounds "11"]
[EventType "swiss"]
[EventDate "2003.06.07"]

1. d4 d5 2. c4 e6 3. Nc3 Nf6 4. Bg5 Nbd7 5. e3 c6 6. Bd3 Qa5 7. Bf4 Bb4 8. Qc1
dxc4 9. Bxc4 e5 10. dxe5 Nxe5 11. Bxe5 Qxe5 12. Nge2 O-O 13. O-O Ng4 14. Ng3 h5
15. h3 h4 16. hxg4 hxg3 17. f4 Qe7 18. g5 Bc5 19. Rf3 Re8 20. Nd1 b5 1/2-1/2

[Event "DEM U12/U12w 2003"]
[Site "Willingen GER"]
[Date "2003.06.12"]
[Round "8"]
[White "Kazhibadze, Georg"]
[Black "Hirneise, Jens"]
[Result "1-0"]
[Termination "normal"]
[Board "15"]
[WhiteElo "1681"]
[BlackElo "1495"]
[PlyCount "89"]
[BlackFideId "24614734"]
[EventCountry "GER"]
[EventRounds "11"]
[EventType "swiss"]
[EventDate "2003.06.07"]

1. e4 c5 2. Nf3 Nc6 3. d4 cxd4 4. Nxd4 Nf6 5. Nc3 e5 6. Ndb5 d6 7. Bg5 a6 8.
Na3 b5 9. Bxf6 gxf6 10. Nd5 Bg7 11. g3 Be6 12. Bg2 O-O 13. c3 Ne7 14. Nxe7+
Qxe7 15. Qd3 Rac8 16. O-O Rfd8 17. Rfd1 Qd7 18. Nc2 Bh6 19. Nb4 Bc4 20. Qf3 a5
21. Nd5 Bxd5 22. Rxd5 Bg7 23. Rad1 Rc6 24. Qd3 Rb6 25. Bf1 b4 26. Rxa5 bxc3 27.
bxc3 Rc8 28. Rd5 Bf8 29. c4 Qa4 30. Qe2 Ra8 31. R1d2 Rb4 32. Qg4+ Kh8 33. Qf5
Kg7 34. g4 Be7 35. R2d3 Qxa2 36. Rh3 Rh8 37. Qh5 Qb1 38. g5 Qxe4 39. gxf6+ Bxf6
40. Qh6+ Kg8 41. Rg3+ Qg6 42. Rxg6+ fxg6 43. Rxd6 Be7 44. Rd7 Bf6 45. Qd2 1-0

[Event "DEM U12/U12w 2003"]
[Site "Willingen GER"]
[Date "2003.06.12"]
[Round "8"]
[White "Schrödter, Thomas"]
[Black "Smolkina, Milana"]
[Result "1-0"]
[Termination "normal"]
[Board "16"]
[WhiteElo "1605"]
[BlackElo "1623"]
[PlyCount "47"]
[BlackFideId "24618780"]
[EventCountry "GER"]
[EventRounds "11"]
[EventType "swiss"]
[EventDate "2003.06.07"]

1. e4 c5 2. Nf3 a6 3. d4 cxd4 4. Nxd4 Nf6 5. Nc3 e5 6. Nb3 Bb4 7. Bd3 d5 8.
exd5 e4 9. Be2 Bxc3+ 10. bxc3 Qxd5 11. Ba3 Nc6 12. O-O Qe5 13. f3 Ne7 14. fxe4
O-O 15. Qd4 Qc7 16. Bd6 Qd8 17. e5 Nd7 18. Bd3 Re8 19. Bc4 Rf8 20. Bd3 Re8 21.
Rf3 Ng6 22. Bxg6 hxg6 23. Raf1 f6 24. Qd5+ 1-0

[Event "DEM U12/U12w 2003"]
[Site "Willingen GER"]
[Date "2003.06.12"]
[Round "8"]
[White "Strunski, Andreas"]
[Black "Trapp, Maximilian"]
[Result "0-1"]
[Termination "normal"]
[Board "17"]
[WhiteElo "1619"]
[BlackElo "1506"]
[PlyCount "194"]
[WhiteFideId "24606073"]
[EventCountry "GER"]
[EventRounds "11"]
[EventType "swiss"]
[EventDate "2003.06.07"]

1. e4 d5 2. exd5 Qxd5 3. Nc3 Qa5 4. d4 c6 5. Nf3 Bg4 6. h3 Bf5 7. Bd3 Bxd3 8.
Qxd3 Nf6 9. Bd2 Nbd7 10. O-O-O e6 11. Rhe1 Qd8 12. Kb1 Be7 13. Bf4 Nd5 14. Nxd5
cxd5 15. Ne5 O-O 16. Qg3 Kh8 17. Nxd7 Qxd7 18. Be5 Rg8 19. Rd3 Rac8 20. h4 Bd8
21. h5 Bc7 22. h6 Bxe5 23. Qxe5 Qc7 24. Qxc7 Rxc7 25. hxg7+ Rxg7 26. g3 Kg8 27.
Rh1 Kf8 28. Rh6 Kg8 29. Rd1 Rg6 30. Rh4 b5 31. Rdh1 f5 32. c3 Rg4 33. Rh6 Rg6
34. R6h3 Rf7 35. R1h2 Rgg7 36. Kc2 Kf8 37. Kd3 Ke7 38. Rh6 Kd6 39. Kc2 Re7 40.
Kb3 Kc6 41. Kb4 Kb6 42. Rf6 Rgf7 43. Rhh6 Rxf6 44. Rxf6 a5+ 45. Kb3 Ka6 46. Kc2
Kb6 47. Kd3 Kc6 48. Ke3 Kd6 49. Kf4 Rg7 50. Rh6 b4 51. Ke3 bxc3 52. bxc3 Rb7
53. a4 Rb3 54. Kd3 Rb2 55. f4 Rg2 56. Rh3 h6 57. c4 dxc4+ 58. Kxc4 Rb2 59. Rxh6
Rb4+ 60. Kc3 Rxa4 61. Rg6 Kd5 62. g4 fxg4 63. Rxg4 Rc4+ 64. Kd3 Rxd4+ 65. Ke3
e5 66. Rg8 exf4+ 67. Kf3 Kc4 68. Ra8 Kb4 69. Rb8+ Ka3 70. Ke2 Ka2 71. Kf2 a4
72. Ke2 a3 73. Ra8 Rb4 74. Rd8 Ka1 75. Kf3 a2 76. Rd1+ Kb2 77. Rd2+ Ka3 78. Rd1
Rb1 79. Rd8 a1=Q 80. Ra8+ Kb2 81. Rxa1 Kxa1 82. Kxf4 Kb2 83. Ke4 Kc3 84. Ke5
Kc4 85. Ke4 Re1+ 86. Kf5 Kd4 87. Kf4 Rf1+ 88. Kg5 Ke4 89. Kg6 Ke5 90. Kg7 Ke6
91. Kg6 Rg1+ 92. Kh5 Kf5 93. Kh4 Rg7 94. Kh3 Kf4 95. Kh2 Kf3 96. Kh1 Kf2 97.
Kh2 Rh7# 0-1

[Event "DEM U12/U12w 2003"]
[Site "Willingen GER"]
[Date "2003.06.12"]
[Round "8"]
[White "Schulz, Marcel"]
[Black "Poetsch, Hagen"]
[Result "0-1"]
[Termination "normal"]
[Board "18"]
[WhiteElo "1406"]
[BlackElo "1611"]
[PlyCount "98"]
[WhiteFideId "1270585"]
[BlackFideId "24615137"]
[EventCountry "GER"]
[EventRounds "11"]
[EventType "swiss"]
[EventDate "2003.06.07"]

1. Nf3 Nf6 2. g3 b6 3. Bg2 Bb7 4. O-O c5 5. c4 e6 6. d3 Be7 7. e4 d6 8. Nc3 O-O
9. Ne1 a6 10. f4 Qc7 11. g4 Nfd7 12. g5 f5 13. Nc2 fxe4 14. dxe4 Nc6 15. Qg4
Nd8 16. Ne3 Bc6 17. Rf3 b5 18. Rh3 g6 19. f5 Ne5 20. Qh4 Rf7 21. f6 Bf8 22. Ng4
Nxg4 23. Qxg4 bxc4 24. Ne2 e5 25. Nc3 Bd7 26. Qe2 Bxh3 27. Bxh3 Qb6 28. Qxc4
Qb4 29. Qe2 Rb7 30. Nd5 Qd4+ 31. Kf1 Rab8 32. Rb1 Nc6 33. b3 c4 34. Bb2 Qc5 35.
Rc1 Nd4 36. Qxc4 Qxc4+ 37. Rxc4 Nf3 38. Bc1 Rb5 39. Kf2 Nd4 40. Be3 Ra5 41. Nb4
d5 42. Rc7 Bxb4 43. Rg7+ Kh8 44. Bxd4 exd4 45. Ke2 Rxa2+ 46. Kd1 Rd2+ 47. Kc1
Rxh2 48. Be6 d3 49. Kd1 Rh1# 0-1

[Event "DEM U12/U12w 2003"]
[Site "Willingen GER"]
[Date "2003.06.12"]
[Round "8"]
[White "Gahn, Juliane"]
[Black "Wortmann, Jonas"]
[Result "1/2-1/2"]
[Termination "normal"]
[Board "19"]
[WhiteElo "1379"]
[BlackElo "1608"]
[PlyCount "88"]
[BlackFideId "24628069"]
[EventCountry "GER"]
[EventRounds "11"]
[EventType "swiss"]
[EventDate "2003.06.07"]

1. e4 c5 2. Nf3 e6 3. d4 cxd4 4. Nxd4 a6 5. Nc3 Qc7 6. Bd3 Nf6 7. f4 Bc5 8. Nb3
Ba7 9. Qe2 d6 10. g4 Nc6 11. Be3 b5 12. Rd1 Bb7 13. Bxb5 Nxe4 14. Nxe4 d5 15.
Bxc6+ Bxc6 16. Bxa7 Rxa7 17. Nec5 a5 18. Nd4 O-O 19. Ncxe6 fxe6 20. Qxe6+ Rf7
21. Nxc6 Qxf4 22. Qe2 Rac7 23. Ne5 Rfe7 24. Rxd5 Rc8 25. Rf1 Qb4+ 26. c3 Qb7
27. Qd2 Rce8 28. Kd1 Qa6 29. Rf3 Qb7 30. Rd7 Qb5 31. Rd5 Qb7 32. b3 Rxe5 33.
Rxe5 Qxf3+ 34. Qe2 Rd8+ 35. Kc2 Qa8 36. a4 Rc8 37. Kb2 Qc6 38. Ka3 Qd6+ 39. Kb2
Qc6 40. Ka2 h6 41. h4 Qxc3 42. Re8+ Rxe8 43. Qxe8+ Kh7 44. Qe4+ Kh8 1/2-1/2

[Event "DEM U12/U12w 2003"]
[Site "Willingen GER"]
[Date "2003.06.12"]
[Round "8"]
[White "Hannes, Diana"]
[Black "Medlin, Paul"]
[Result "1/2-1/2"]
[Termination "normal"]
[Board "20"]
[WhiteElo "1145"]
[BlackElo "1611"]
[PlyCount "53"]
[WhiteFideId "24611344"]
[EventCountry "GER"]
[EventRounds "11"]
[EventType "swiss"]
[EventDate "2003.06.07"]

1. e4 c5 2. d4 cxd4 3. c3 dxc3 4. Nxc3 e6 5. Bc4 a6 6. Nf3 b5 7. Bb3 Bb7 8. O-O
b4 9. Ne2 Bxe4 10. Ng3 Bb7 11. Qe2 Be7 12. Rd1 Nf6 13. Bf4 h6 14. Rac1 Nc6 15.
Ba4 Qa5 16. b3 O-O 17. Ne5 Nxe5 18. Bxe5 d6 19. Bxd6 Bxd6 20. Rxd6 Rfd8 21. Qd2
Rxd6 22. Qxd6 Rd8 23. Qe7 Qd5 24. f3 Qd4+ 25. Kf1 Qd3+ 26. Ne2 Ba8 27. Qxb4
1/2-1/2

[Event "DEM U12/U12w 2003"]
[Site "Willingen GER"]
[Date "2003.06.12"]
[Round "8"]
[White "Seifert, Christopher"]
[Black "Heistermann, Till"]
[Result "1/2-1/2"]
[Termination "normal"]
[Board "21"]
[WhiteElo "1369"]
[BlackElo "1619"]
[PlyCount "100"]
[WhiteFideId "24615293"]
[EventCountry "GER"]
[EventRounds "11"]
[EventType "swiss"]
[EventDate "2003.06.07"]

1. e4 c5 2. Nc3 Nc6 3. Bc4 g6 4. f4 e6 5. f5 Bg7 6. Nf3 Nge7 7. fxe6 dxe6 8.
O-O O-O 9. d3 Nd4 10. Bg5 a6 11. a4 Qc7 12. Nxd4 cxd4 13. Ne2 Nc6 14. Qd2 b6
15. Ng3 Ne5 16. Bb3 Ng4 17. Qe2 Ne3 18. Bxe3 dxe3 19. c3 Bh6 20. Rf3 Bd7 21.
Nf1 b5 22. Nxe3 Qb6 23. d4 bxa4 24. Bxa4 Bxa4 25. Rxa4 Qc6 26. Qc2 Rab8 27. Ra1
Bxe3+ 28. Rxe3 Qb6 29. Re2 e5 30. Qd3 a5 31. Kh1 Rfd8 32. Rd1 Rd7 33. d5 Qc5
34. c4 Rc8 35. Rc2 Rd6 36. Qa3 Kg7 37. Qxc5 Rxc5 38. Kg1 Kf6 39. Kf2 Ke7 40.
Ke3 Rb6 41. Rb1 Rb4 42. Kd3 a4 43. b3 f5 44. exf5 gxf5 45. Rbb2 axb3 46. Rc3
Rc7 47. Rbxb3 Rcxc4 48. Rxb4 Rxb4 49. Rc7+ Kd6 50. Rxh7 Kxd5 1/2-1/2

[Event "DEM U12/U12w 2003"]
[Site "Willingen GER"]
[Date "2003.06.12"]
[Round "8"]
[White "Kickert, Germaine-Helene"]
[Black "Rafiee, Makan"]
[Result "1/2-1/2"]
[Termination "normal"]
[Board "22"]
[WhiteElo "1374"]
[BlackElo "1579"]
[PlyCount "67"]
[WhiteFideId "24614890"]
[BlackFideId "24609340"]
[EventCountry "GER"]
[EventRounds "11"]
[EventType "swiss"]
[EventDate "2003.06.07"]

1. e4 c5 2. c3 d5 3. exd5 Qxd5 4. d4 Nc6 5. Nf3 Bg4 6. Be2 e6 7. h3 Bh5 8. O-O
cxd4 9. Nxd4 Nxd4 10. Bxh5 Nc6 11. Qxd5 exd5 12. Re1+ Be7 13. Bg5 h6 14. Bxe7
Ngxe7 15. Na3 O-O 16. Rad1 Rad8 17. Bf3 Rfe8 18. Nb5 Rd7 19. Nd4 Red8 20. Bg4
Rd6 21. Nb5 Rg6 22. Nxa7 Nxa7 23. Rxe7 Rb6 24. b3 Nb5 25. c4 Nc3 26. Rd3 d4 27.
Bf3 Nxa2 28. Rxb7 Rxb7 29. Bxb7 Nc1 30. Rd1 Nxb3 31. Bd5 Kf8 32. Rd3 Nc1 33.
Rd1 Nb3 34. Rd3 1/2-1/2

[Event "DEM U12/U12w 2003"]
[Site "Willingen GER"]
[Date "2003.06.12"]
[Round "8"]
[White "Bradler, Stephan"]
[Black "Miclea, Sebastian"]
[Result "1-0"]
[Termination "normal"]
[Board "23"]
[WhiteElo "1366"]
[BlackElo "1532"]
[PlyCount "117"]
[WhiteFideId "24629367"]
[EventCountry "GER"]
[EventRounds "11"]
[EventType "swiss"]
[EventDate "2003.06.07"]

1. e4 c5 2. Nf3 Nc6 3. d4 cxd4 4. Nxd4 g6 5. Be3 Bg7 6. Nc3 Nf6 7. f3 O-O 8.
Qd2 d5 9. Nxc6 bxc6 10. O-O-O Be6 11. Bh6 d4 12. Bxg7 dxc3 13. Qxc3 Qxd1+ 14.
Kxd1 Kxg7 15. Ba6 Rfd8+ 16. Ke2 Rd6 17. Rd1 Rad8 18. Rxd6 Rxd6 19. Bd3 h5 20.
Qc5 Nd7 21. Qxa7 c5 22. b3 Kf6 23. Qa8 Kg7 24. Qe8 c4 25. bxc4 Ra6 26. Qxe7
Rxa2 27. c5 Ne5 28. Qd6 Nxd3 29. Kxd3 Ra8 30. c6 Bc8 31. c7 Ra6 32. Qb4 Rc6 33.
Qd4+ Kh7 34. Qd8 Ba6+ 35. Kd2 Rc4 36. Qd7 Kg7 37. e5 Kf8 38. Qd6+ Kg7 39. Qxa6
Rxc7 40. c4 Kf8 41. Qd6+ Re7 42. Kd3 Ke8 43. Qxe7+ Kxe7 44. Kd4 Ke6 45. Kc5
Kxe5 46. Kc6 f5 47. c5 Kd4 48. Kd6 Ke3 49. Ke5 Kf2 50. Kf6 Kxg2 51. c6 Kxh2 52.
c7 Kg2 53. c8=Q h4 54. Kxg6 h3 55. f4 h2 56. Qc2+ Kh1 57. Qxh2+ Kxh2 58. Kxf5
Kg3 59. Kg5 1-0

[Event "DEM U12/U12w 2003"]
[Site "Willingen GER"]
[Date "2003.06.12"]
[Round "8"]
[White "Gröger, Eric"]
[Black "Jannes, Alexander"]
[Result "0-1"]
[Termination "normal"]
[Board "24"]
[WhiteElo "1265"]
[BlackElo "1515"]
[PlyCount "64"]
[BlackFideId "4647955"]
[EventCountry "GER"]
[EventRounds "11"]
[EventType "swiss"]
[EventDate "2003.06.07"]

1. d4 c6 2. c4 d5 3. Nf3 Nf6 4. Nc3 dxc4 5. a4 Bf5 6. e3 e6 7. Bxc4 Bb4 8. O-O
Nbd7 9. Qe2 Bxc3 10. bxc3 Nd5 11. Bd2 N7b6 12. Bb3 Bg6 13. e4 Nf6 14. Bg5 Bxe4
15. Nh4 Bg6 16. Nxg6 hxg6 17. Rac1 Qd6 18. g3 Rh5 19. Bf4 Qd7 20. Be5 O-O-O 21.
c4 Rdh8 22. c5 Nbd5 23. g4 Rh3 24. Bxd5 exd5 25. g5 Ng4 26. Bxg7 R8h7 27. Be5
Nxe5 28. Qxe5 Rxh2 29. Qxh2 Rxh2 30. Kxh2 Qg4 31. f4 Qe2+ 32. Kg1 Qe3+ 0-1